000
00323nam a2200133 a 4500
008
110105s1974|||| d
245
1
0
_a
O základných princípoch výstavby strany
100
1
_a
Marx, K.
700
1
_a
Engels, F.
260
_b
Pravda
_a
Bratislava
_c
1974
020
_c
12
044
_a
xo
_c
SK
041
_a
slo
999
_c
15488
_d
15488